Statistics for Guess the country by the Building

Click here to take the quiz!

General Stats

  • This quiz has been taken 50 times
  • The average score is 7 of 8

Answer Stats

Answer% Correct
France
100%
Brazil
98%
India
98%
USA
93%
Germany
91%
U.A.E
84%
U.K
82%
China
80%

Score Distribution

Percentile by Number Answered

Percent of People with Each Score

Your Score History

You have not taken this quiz